000 00394nam a22001217a 4500
082 _a200 THE
100 _aAhmed Umar Rafiq
_972661
245 _aTH-SOF-0815-A STUDY TO EXPLORE THE FACTORS INVOLVED IN FAILURE OF IT PROJECTS IN PAKISTAN
260 _aISLAMABAD
_bNUST COLLEGE OF EME
_c2010
650 _aMS-EM-6 MSTHESIS
_970416
700 _aADVISOR Dr. Akhtar Nawaz Malik
_972662
942 _cCF
999 _c578663
_d578663